000 01510cab a2200229 i 4500
001 768714001
003 CO-MdFUSB
005 20230111175500.0
008 220319t GT ||||| |||| 00| 0 spa d
022 _a1014-9341
040 _aCO-MdFUSB
_bspa
_cCO-MdFUSB
_dCO-MdFUSB
041 _aspa
100 _aLópez, Carlos.
_eAutor
245 1 _aSatanás y sus huestes en Efesios :
_bun acercamiento exegético y teológico
_c/ Carlos Alberto López
300 _aNúmero 47 (Julio - Diciembre, 2010), páginas 33-46
_c; 22 cm
520 _a En Efesios 1:21; 3:10; y 6:12 una serie de términos subraya el poder de las huestes de Satanás. Estos versículos no hablan de autoridades o estructuras humanas, ni de ángeles buenos, sino de demonios. No detallan una jerarquía entre ellos, pero 1:20-21 celebra el dominio de Cristo sobre ellos. Según 2:2, Satanás gobierna sobre los demonios y la esfera sobre la tierra. Se aprovecha de nuestra ira por su mala obra (4:27) y nos ataca astutamente para tomarnos desprevenidos (6:11). Por lo tanto, no debemos actuar con negligencia, sino estar alerta. A la luz de los extremos de ambos lados de la opinión cristiana sobre Satanás y los demonios, debemos volver a la enseñanza bíblica sobre el tema y al discipulado completo
630 0 7 _aBiblia.
_pEfesios
_xCrítica, interpretación, etc.
650 0 _916
_aBiblia
653 _aSatanás.
773 _049489
_980009
_tKairós
_gNúmero 47 (Julio - Diciembre, 2010), páginas 33-46
_qpáginas 33
942 _cANA
999 _c67491
_d67491